Los mexicanos pintados por si mismos (Record no. 10472)
[ view plain ]
| 000 -CABECERA | |
|---|---|
| campo de control de longitud fija | 01015nam a2200277 a 4500 |
| 001 - NÚMERO DE CONTROL | |
| campo de control | BRL_1663 |
| 005 - FECHA Y HORA DE LA ÚLTIMA TRANSACCIÓN | |
| campo de control | 20190320211319.0 |
| 008 - DATOS DE LONGITUD FIJA--INFORMACIÓN GENERAL | |
| campo de control de longitud fija | 220414s1974----mx-a######---#000-0#spa-# |
| 041 ## - CÓDIGO DE LENGUA | |
| Código de lengua del texto/banda sonora o título independiente | spa |
| 044 ## - CÓDIGO DEL PAÍS DE LA ENTIDAD EDITORA/PRODUCTORA | |
| Código MARC del país | mx |
| 050 #4 - SIGNATURA TOPOGRÁFICA DE LA BIBLIOTECA DEL CONGRESO | |
| Número de clasificación | F1210 |
| Número de documento/Ítem | .M49 1974 |
| 245 10 - MENCIÓN DE TÍTULO | |
| Título | Los mexicanos pintados por si mismos |
| Mención de responsabilidad, etc. | por Hilarión Frías y Soto...[et al.] |
| 260 ## - PUBLICACIÓN, DISTRIBUCIÓN, ETC. | |
| Lugar de publicación, distribución, etc. | México |
| Nombre del editor, distribuidor, etc. | Librería de Manuel Porrúa |
| Fecha de publicación, distribución, etc. | 1974 |
| 300 ## - DESCRIPCIÓN FÍSICA | |
| Extensión | 290 p. |
| Otras características físicas | il. |
| Dimensiones | 24 cm. |
| 440 #0 - MENCIÓN DE SERIE/PUNTO DE ACCESO ADICIONAL--TÍTULO | |
| Título | Documentos Mexicanos |
| Designación de volumen o secuencia | 6 |
| 9 (RLIN) | 27571 |
| 500 ## - NOTA GENERAL | |
| Nota general | Au1868 |
| 500 ## - NOTA GENERAL | |
| Nota general | Incluye índice de los artículos |
| 500 ## - NOTA GENERAL | |
| Nota general | En la portada: ´Reproducción facsimilar de la edición de 1885´. |
| 500 ## - NOTA GENERAL | |
| Nota general | Ver también los numeros de sistema 1887 y 4292 pertenecientes al Fondo Contemporáneo |
| 500 ## - NOTA GENERAL | |
| Nota general | Ver también número de sistema 1638 perteneciente al Fondo Ruth Luchega |
| 650 14 - PUNTO DE ACCESO ADICIONAL DE MATERIA--TÉRMINO DE MATERIA | |
| Término de materia o nombre geográfico como elemento de entrada | Vida cotidiana |
| Subdivisión general | México |
| 9 (RLIN) | 27572 |
| 651 #4 - PUNTO DE ACCESO ADICIONAL DE MATERIA--NOMBRE GEOGRÁFICO | |
| Nombre geográfico | México |
| Subdivisión general | Vida social y costumbres |
| 9 (RLIN) | 769 |
| 700 1# - PUNTO DE ACCESO ADICIONAL--NOMBRE DE PERSONA | |
| Nombre de persona | Frías y Soto, Hilarión |
| Término indicativo de función/relación | coaut. |
| 9 (RLIN) | 27573 |
| 902 ## - CATALOGADOR | |
| Iniciales | GRL |
| 942 ## - ELEMENTOS DE PUNTO DE ACCESO ADICIONAL (KOHA) | |
| Fuente del sistema de clasificación o colocación | Library of Congress Classification |
| Tipo de ítem Koha | Libros |
| Estado de retiro | Estado de pérdida | Estado dañado | No para préstamo | Localización permanente | Ubicación/localización actual | Fecha de adquisición | Número de inventario | Total de préstamos | Signatura topográfica completa | Código de barras | Fecha visto por última vez | Precio válido a partir de | Tipo de ítem Koha |
|---|---|---|---|---|---|---|---|---|---|---|---|---|---|
| El ejemplar forma parte de la colección y puede ser consultado según las políticas vigentes. | Biblioteca Centro de Estudios Ruth D. Lechuga | Biblioteca Centro de Estudios Ruth D. Lechuga | 22/04/2014 | Au1868 | F1210 .M49 1974 (Au1868) | GRL01833 | 22/03/2019 | 22/03/2019 | Libros |